000 00242nam a2200097Ia 4500
005 20251222114408.0
008 251222s1900||||xx |||||||||||||| ||spa||
082 _aDVD0097/M61
245 0 _aPerĂº: danzas de la costa, sierra y selva:
942 _cDVD
999 _c1919
_d1919